1412 1941 1710 1494 1262 1877 1538 1473 1036 1326 1956 1486 1086 1600 1210 1184 1504 1375 1822 1938 1957 1504 1122 1102 1821 1906 1638 1440 1955 1366 1524 1787 1675 1242 1030 1581 1994 1482 1062 1274 1014 1660 1571 1376 1138 1690 1293 1692 1639 1464 1114 1656 1129 1223 1723 1074 1678 1389 1834 1775 1508 1636 1942 1768 1262 1249 1276 1485 1043 1597 1207 1504 1406 1134 1658 1213 1373 1966 1177 1896 1966 1817 1050 1647 1010 1861 1917 1102 1257 1564 1144 1080 1626 1832 1781 1243 1872 1988 1362 BCNSPRNW ULIB Ver.6.0+V

เปลี่ยนเป็นภาษาไทย

Change to English
 แสดงรายละเอียดบรรณานุกรม
  กลับหน้าหลัก

Brief Record : Get Marc (ISO 2709) : E-mail record : QR code < ปิดหน้าต่าง
LEADER : 00000nam 2200000uu 4500
001    13399127464
003     ULIB
008    200602s2017||||th 000 0 tha d
020    ^a9781506259840 (pbk.)
050  4 ^aPE1128^bM443E
100 1  ^aMatthiesen, Steven J.
245 10 ^aEssential words for the TOEFL:^btest of English as aforeign language /^cSteven J. Matthiesen
246 30 ^aBarron s essential words for the TOEFL
246 30 ^aTest of English as a Foreign Language
250    ^a7th ed.
260    ^aHauppauge, N.Y. :^bBarron s Educational series,^c2017
300    ^avii, 344 p. ;^c23 cm.
500    ^aIncludes index
650  0 ^aTest of English as a foreign language^vStudy guides
650  0 ^aEnglish language^vTextbooks for foreign speakers
650  0 ^aEnglish language^xExaminations^vStudy guides
650  0 ^aVocabulary^xExaminations^vStudy guides
653    ^aTOEFL
945    ^p0^l0^i28370
999    ^aกัณชพร จุลอักษร
รายการนี้ยังไม่มีแท็ก
คุณยังไม่ได้ล็อกอิน คุณสามารถมีกิจกรรมร่วมกับเว็บไซต์ได้ แต่ต้องล็อกอินก่อน ::
  ล็อกอิน

รายการสื่อสารสนเทศ

ลำดับที่ ประเภท เลขเรียก/บาร์โค้ด สถานที่ สถานะ
1. วิทยาศาสตร์การแพทย์ และสุขภาพ
วิทยาศาสตร์การแพทย์ และสุขภาพ
PE1128 M443E ฉ.1 
  Barcode: 28370
ห้องสมุดวิทยาเขตนครสวรรค์
►หนังสือทั่วไป:l:General Books
บนชั้น

รายการใกล้เคียง
    ผู้แต่ง [Matthiesen, Steven J.]

BibComment


ยังไม่เคยถูกคอมเมนท์

คอมเมนท์ทรัพยากรรายการนี้
  คอมเมนท์: Essential words ..


 Copyright 2026. Bcnsprnw @Library